000 00618nam a2200229Ia 4500
003 OSt
005 20220928115708.0
006 a|||||r|||| 00| 0
007 ta
008 220927b |||||||| |||| 00| 0 eng d
024 _a80614
037 _cTextual
040 _aSDCL
_cSDCL
_beng
041 _2eng
_aeng
082 _aX:8N1, N1
100 _aClampiti Philip G
_9445631
245 0 _aCommunicating for managerial effectiveness
260 _aNewbury
_bPark Sage Publications
_c1991
300 _axi,322p
_ccm.
942 _hX:8N1, N1
_cTEXL
_2CC
999 _c760539
_d760539